00979njm a2200265Ia 450000100060000000300090000600500170001500800410003204000130007304000130008604100120009910000200011110000180013110000380014924500280018725000110021526000120022626000610023830000100029950000150030950502370032465000450056170000530060670000540065995972IT-RoPAU20220918181113.0131025s9999 xx 000 0 und d aIT-RoPAU cIT-RoPAU aINGLESE aMorrison Rachel eAutore musica gCodice autore musica SPICS: 33479 2aA Change In the Weather a1a ed. aENGLAND bEMI RECORDSc1991 [1a Ed.:1991 - Ed. Lingua Orig.: 1991] aDISCO aMusica pop aCrash Into the Ocean - I Don't Want To Hurry - Only You - Gotta Give Up - Spirit of the Man - Keep Me In Mind - Watching Over Me - Ain't That Just the Way - Open Up the Skies - Inviting My Soul - Life Don't Let Me Down - Be Together aPOP [DISCHI]eCodice MATERIA SPICS: 9950 aRalphes PauleAutoregCodice autore SPICS: 33480 aBlisseInterpretegCodice interprete SPICS: 33481